00532nam a22001697a 450000500170000001000150001702000230003203500140005503700090006908200110007810000240008924500680011326000660018127000720024730000400031970000030035920250115162759.0 aENG-143480 a8185396183c995.00 aEN-127012 bDBAD a954.01 aRay Ardhendu Sekhar aCrafts and Technology in Ancient India/cBy Ardhendu Sekhar Ray aIX/5572, West Seelampur Gandhi Nagar, DelhibS. S. Publishers aIX/5572, West Seelampur Gandhi Nagar, DelhibDelhie110031k2433202 axxv,199p. c22cm(pb) bMap Pictures